| 000 | 00661nam a22002297a 4500 | ||
|---|---|---|---|
| 003 | UA-OsUOA | ||
| 001 | 123829 | ||
| 007 | ta | ||
| 008 | 20170711b un ||||| |||| 00| 0 ukr d | ||
| 100 | _aРассамакін Ю. Я. | ||
| 700 | _aЧерних Є. О. | ||
| 090 |
_a902 _bР24 |
||
| 942 | _cSA | ||
| 040 |
_aUA-OsUOA _bukr _cUA-OsUOA _dUA-OsUOA |
||
| 245 | _aПоховання доби раннього енеоліту на Луганщині | ||
| 300 | _aС.38-54 | ||
| 955 | _a0 | ||
| 041 | _aukr | ||
| 080 | _a902 | ||
| 773 | 0 |
_w123825 _tАрхеологія _dК. _d2017 _g2 |
|
| 650 | 7 |
_a9 Географія. Біографії. Історія _2UDC |
|
| 999 |
_c410989 _d410989 |
||